Dom smútku

Gespeichert in:
Bibliographische Detailangaben
1. Verfasser: Justová, Lenka (Verfasst von)
Weitere Verfasser: Končeková, Danica (Betreuung Doktorarbeit)
Format: Manuskript Buch
Sprache:Slowakisch
Veröffentlicht: Bratislava 2023
Schlagworte:
Online-Zugang:http://is.stuba.sk/zp/portal_zp.pl?podrobnosti=155698
Tags: Tag hinzufügen
Keine Tags, Fügen Sie das erste Tag hinzu!

MARC

LEADER 00000ntm a22000003a 4500
001 stuzp93525
003 SK-STU
005 20231004111936.2
007 ta
008 150427s2015----xo-----f-mn---000-0-slo-d
040 |a STU  |b slo 
041 0 |a slo 
100 1 |a Justová, Lenka  |u 058180  |4 aut  |U FAD Fakulta architektúry a dizajnu  |T FAD Ústav architektúry občianskych budov  |X 103629  |U A8180  |Y 399  |7 103629 
242 0 1 |a Funeral Hall  |y eng 
245 1 0 |a Dom smútku 
260 |c 2023  |a Bratislava 
650 4 |a Dom Smútku  |2 slo 
650 4 |a Pezinok  |2 slo 
650 4 |a Obradná sála  |2 slo 
650 4 |a Prevetrávaná fasáda  |2 slo 
650 4 |a Stenový systém  |2 slo 
650 4 |a Funeral Hall  |2 eng 
650 4 |a Pezinok  |2 eng 
650 4 |a Ceremonial Hall  |2 eng 
650 4 |a Wall system  |2 eng 
650 4 |a Ventilated facade  |2 eng 
700 1 |a Končeková, Danica  |u 058180  |k Z1  |4 ths  |U FAD Fakulta architektúry a dizajnu  |T FAD Ústav architektúry občianskych budov  |X 467  |U A8180  |Y 399  |7 A000000467 
856 4 |u http://is.stuba.sk/zp/portal_zp.pl?podrobnosti=155698  |u https://opac.crzp.sk/?fn=detailBiblioForm&sid=C03CB0FBA6588971D13B21D1B6BF